Manual de ginecología y obstetricia / (Record no. 146410)

MARC details
000 -LEADER
campo de control de longitud fija 00820nam a2200265 i 4500
001 - NÚMERO DE CONTROL
campo de control 146410
003 - IDENTIFICADOR DE NÚMERO DE CONTROL
campo de control ES-MaACL
005 - FECHA Y HORA DE LA ÚLTIMA TRANSACCIÓN
campo de control 20250717094525.0
007 - CAMPO FIJO DE DESCRIPCIÓN FÍSICA--INFORMACIÓN GENERAL
campo de control de longitud fija t|
008 - DATOS DE LONGITUD FIJA--INFORMACIÓN GENERAL
campo de control de longitud fija 070910s1974 sp ||||1| spa d
080 ## - NÚMERO DE LA CLASIFICACIÓN DECIMAL UNIVERSAL
Número de la Clasificación Decimal Universal 618.1(02)
080 ## - NÚMERO DE LA CLASIFICACIÓN DECIMAL UNIVERSAL
Número de la Clasificación Decimal Universal 618.2(02)
100 1# - ENTRADA PRINCIPAL--NOMBRE DE PERSONA
Nombre de persona Tourris, Henri de.
9 (RLIN) 111151
245 10 - MENCIÓN DEL TÍTULO
Título Manual de ginecología y obstetricia /
Mención de responsabilidad, etc. por H. de Tourris, R. Henrion ; prefacio F. Lepage ; versión de L. Mir Davant.
250 ## - MENCION DE EDICION
Mención de edición [1ª ed.].
260 ## - PUBLICACIÓN, DISTRIBUCIÓN, ETC.
Lugar de publicación, distribución, etc. Barcelona :
Nombre del editor, distribuidor, etc. Toray-Masson,
Fecha de publicación, distribución, etc. [1974]
300 ## - DESCRIPCIÓN FÍSICA
Extensión XVI, 493 p. :
Otras características físicas il. ;
Dimensiones 21 cm.
650 04 - PUNTO DE ACCESO ADICIONAL DE MATERIA--TÉRMINO DE MATERIA
Término de materia o nombre geográfico como elemento de entrada Ginecología.
9 (RLIN) 13119
650 #7 - PUNTO DE ACCESO ADICIONAL DE MATERIA--TÉRMINO DE MATERIA
Término de materia o nombre geográfico como elemento de entrada Obstetricia
Fuente del encabezamiento o término embne
9 (RLIN) 15676
700 1# - ENTRADA AGREGADA--NOMBRE PERSONAL
Nombre de persona Henrion, Roger.
9 (RLIN) 62577
700 1# - ENTRADA AGREGADA--NOMBRE PERSONAL
Nombre de persona Lepage, F.
9 (RLIN) 71712
700 1# - ENTRADA AGREGADA--NOMBRE PERSONAL
Nombre de persona Mir Davant, Luis.
9 (RLIN) 81431
852 ## - LOCALIZACIÓN
Ubicación ES-MaACL
Número de control de estantería E-8599
Sublocalización o colección R.93047
Holdings
Estatus retirado Estado de pérdida Estado de daño No para préstamo Biblioteca de origen Biblioteca actual Ubicación en estantería Fecha de adquisición Fuente de adquisición Total de préstamos Signatura topográfica completa Código de barras Visto por última vez Precio de reemplazo Tipo de ítem Koha
        Biblioteca del Ateneo de Madrid Biblioteca del Ateneo de Madrid Depósito 2 17/01/2008     E-8599 1152812 23/02/2023 23/02/2023 Libro impreso